Online
Catalog

Los diarios 1957-1989 / (Record no. 7070)

MARC details
000 -CABECERA
campo de control de longitud fija 00747cam a2200217 a 4500
001 - NÚMERO DE CONTROL
campo de control 000007289
005 - FECHA Y HORA DE LA ÚLTIMA TRANSACCIÓN
campo de control 20200929154125.0
008 - DATOS DE LONGITUD FIJA--INFORMACIÓN GENERAL
campo de control de longitud fija 931227s1993 sp a b 001 0aspa d
020 ## - NÚMERO INTERNACIONAL ESTÁNDAR DEL LIBRO
Número Internacional Estándar del Libro 8479790407
040 ## - FUENTE DE LA CATALOGACIÓN
Centro catalogador/agencia de origen DO-SdBNP
Centro/agencia transcriptor AzU
Centro/agencia modificador NN
-- DLC
082 ## - NÚMERO DE LA CLASIFICACIÓN DECIMAL DEWEY
Número de clasificación 920
Número de documento/Ítem B268d
100 1# - ENTRADA PRINCIPAL--NOMBRE DE PERSONA
Nombre de persona Barral, Carlos.
9 (RLIN) 20237
245 14 - MENCIÓN DE TÍTULO
Título Los diarios 1957-1989 /
Mención de responsabilidad, etc. Carlos Barral ; edición, prefacio y notas de Carmen Riera.
260 ## - PUBLICACIÓN, DISTRIBUCIÓN, ETC.
Lugar de publicación, distribución, etc. Madrid :
Nombre del editor, distribuidor, etc. Anaya & M. Muchnik,
Fecha de publicación, distribución, etc. 1993.
300 ## - DESCRIPCIÓN FÍSICA
Extensión 418 p. :
Otras características físicas il. ;
Dimensiones 25 cm.
504 ## - NOTA DE BIBLIOGRAFÍA, ETC.
Nota de bibliografía, etc. Incluye referencias bibliográficas p. 361-[419].
600 14 - PUNTO DE ACCESO ADICIONAL DE MATERIA--NOMBRE DE PERSONA
Nombre de persona BARRAL, CARLOS
Subdivisión general DIARIOS
9 (RLIN) 20238
650 #4 - PUNTO DE ACCESO ADICIONAL DE MATERIA--TÉRMINO DE MATERIA
Término de materia o nombre geográfico como elemento de entrada Autores , españoles
Subdivisión general Siglo xx
-- Diario.
9 (RLIN) 20239
700 1# - PUNTO DE ACCESO ADICIONAL--NOMBRE DE PERSONA
Nombre de persona Riera, Carmen,
Término indicativo de función/relación ed.
9 (RLIN) 20240
910 ## - DATOS DE OPCIÓN DEL USUARIO (OCLC)
Datos de opción del usuario Catalogación por copia / LC
Holdings
Estado de retiro Estado de pérdida Restricciones de uso No para préstamo Código de colección Localización permanente Ubicación/localización actual Ubicación en estantería Fecha de adquisición Número de inventario Total de préstamos Signatura topográfica completa Código de barras Fecha visto por última vez Precio válido a partir de Tipo de ítem Koha
    Préstamo interno   Monografías: Libros y Folletos General General En catalogación 07.09.2009 LF1   920 B268d 7289-10 25.06.2020 25.06.2020 Préstamo interno

Powered by Koha